Responses for show #3645 - Friday, June 9, 2000

Contestants

Mark Chapman, a cook from Minneapolis, Minnesota

Cindy Nobles, a pharmacist from Tarrant, Alabama

Jason Parker, a graduate student from Gainesville, Florida (whose 2-day cash winnings total $22,600)

Jeopardy! Round responses

RELIGIOUS LEADERS
NO. 1 HITS OF THE '90s
PRESIDENTIAL MOMS
(Alex: We'll give you the maiden name, you have to identify the president, of course.)
FASHION
MIDDLE AMERICA
3-LETTER WORDS
    $100 1
(J: What is Dianetics?)

Scientology

JasonCindy
    $100 3
"Candle in the Wind"

Jason
    $100 9
(C: Who is Jimmy Carter?)

John F. Kennedy

CindyMark
    $100 26
Hairstyles

Cindy
    $100 21
Pennsylvania

Mark
    $100 12
Who & Why

Cindy
    $200 2
Sun Myung Moon

Mark
    $200 7
Mariah Carey

Mark
    $200 17
Richard Nixon

Jason
    $200 27
Nehru jacket

Mark
    $200 22
East St. Louis

Jason
    $200 13
Toe

Mark
    $300 4
Russia

Cindy
    $300 8
Vanessa Williams

Cindy
    $300 18
Bill Clinton

Triple Stumper
    $300 28
Josephine

Jason
    $300 23
Tulsa

Jason
    $300 14
Pig

Mark
    $400 5
Istanbul (Constantinople)

Cindy
    $400 10
Puff Daddy (Sean Combs)

Mark
    $400 19
James K. Polk

Jason
    $600 29
Tommy Hilfiger

Jason
    $400 24
"The Jayhawk State"

Mark
    $400 15
Foe

Jason
    $500 6
Julius

Triple Stumper
    $500 11
Wild Wild West

Mark
    $500 20
John Quincy Adams

Cindy
    $500 30
Skechers

Jason
    $500 25
(J: What is Whitefish Bay?)

Green Bay

Jason
Triple Stumper
    $500 16
Maw

Jason

Scores at the first commercial break (after clue 16):

Jason Cindy Mark
$900 $1,100 $1,900

Scores at the end of the Jeopardy! Round:

Jason Cindy Mark
$2,900 $1,700 $2,600

Double Jeopardy! Round responses

AMERICAN HISTORY
MOVIE TAG LINES
MINERALS
NOTABLE BLACK WOMEN
PEOPLE & PLACES
"BRAND" NAMES
    $200 1
Fort Boise

Jason
    $200 8
Wayne's World

Mark
    $200 26
Diamonds

Cindy
    $200 6
Rosa Parks

Jason
    $200 13
Bulgar

Jason
    $200 21
Marlon Brando

Cindy
    $400 2
1960s

Cindy
    $400 9
(J: What is "Bram Stoker's Dracula?")

Interview With the Vampire

Jason
Triple Stumper
    $400 30
Turquoise

Jason
    $400 7
Billie Holiday

Mark
    $400 17
(J: What is Acadia?)
(C: What is Arcadia?)

Acadian

JasonCindy
Triple Stumper
    $400 22
(J: Who is Dylan?)

Brandon Walsh

JasonMark
    $600 3
Minnesota

Jason
    $600 10
(J: What is "Deep Impact?")
(M: What is "Armageddon?")

Titanic

JasonMark
Triple Stumper
    $600 29
Sulphur

Cindy
    $600 14
California

Jason
    $600 18
Bermuda

Mark
    $600 23
Brandeis University

Triple Stumper
    $800 4
Civil War

Jason
    $1,600 11
Star Wars: The Phantom Menace

Mark
    $800 28
(M: What is alabaster?)

Gypsum

Mark
Triple Stumper
    $800 15
Sojourner Truth

Jason
    $800 19
Carioca

Jason
    $800 24
"Brand New Key"

Triple Stumper
    $2,000 5
James Gadsden

Jason
    $1000 12
Runaway Bride

Triple Stumper
    $1000 27
Lodestone

Cindy
    $1000 16
Althea Gibson

Jason
    $1000 20
Burkina Faso

Jason
    $1000 25
(we have less than a minute to go...)

"Brandenburg Concertos"

Jason

Scores at the end of the Double Jeopardy! Round:

Jason Cindy Mark
$10,700 $3,700 $4,400
(lock game)

[wagering suggestions for these scores]

Final Jeopardy! Round responses

EXPLORATION
CindyWhat are spices?
$1,500
MarkWhat is heathens
$3,001
JasonWhat are slaves?
$1,500
spices

Final scores:

Jason Cindy Mark
$9,200 $5,200 $1,399
3-day champion: $31,800 2nd place: Gear.com Online Shopping Spree 3rd place: $1,000 Shopping Spree, courtesy of the Sony Card

Game dynamics:

Coryat scores:

Jason Cindy Mark
$9,500 $3,700 $3,600
23 R
(including 2 DDs),
6 W
12 R,
2 W
15 R
(including 1 DD),
2 W

Combined Coryat: $16,800

The J! Archive is created by fans, for fans. The Jeopardy! game show and all elements thereof, including but not limited to copyright and trademark thereto, are the property of Jeopardy Productions, Inc. and are protected under law. This website is not affiliated with, sponsored by, or operated by Jeopardy Productions, Inc. Join the discussion at JBoard.tv.